1464 1498 1533 1970 1981 1352 1182 1513 1761 1910 1827 1398 1836 1881 1054 1014 1792 1631 1803 1606 1090 1949 1807 1790 1580 1091 1413 1136 1379 1713 1962 1953 1239 1077 1183 1826 1641 1546 1236 1015 1034 1223 1598 1697 1377 1411 1136 1091 1947 1418 1853 1404 1019 1943 1285 1072 1065 1768 1656 1641 1875 1372 1414 1386 1633 1491 1048 1981 1846 1323 1882 1451 1692 1611 1684 1381 1303 1569 1217 1078 1760 1336 1466 1876 1240 1442 1596 1069 1113 1636 1932 1356 1770 1953 1881 1838 1601 1448 1491 BCNSPRNW ULIB Ver.6.0+V

เปลี่ยนเป็นภาษาไทย

Change to English
 แสดงรายละเอียดบรรณานุกรม
  กลับหน้าหลัก

Brief Record : Get Marc (ISO 2709) : E-mail record : QR code < ปิดหน้าต่าง
LEADER : 00000nam a2200000 a 4500
001    13399128086
003     ULIB
008    220208s2564 th a 000 0 tha d
020    ^a9786164820579
040    ^acl
050  4 ^aBF637.C56^bน426ก
100 0  ^aนันทา สู้รักษา
245 10 ^aการให้คำปรึกษาภาคปฏิบัติ =^bCounseling in practice /^cนันทาสู้รักษา
246 31 ^aCounseling in practice
250    ^aพิมพ์ครั้งที่ 1
260    ^aกรุงเทพฯ :^bสำนักพิมพ์สถาบันบัณฑิตพัฒนบริหารศาสตร์,^c2564
300    ^aiii, 420 หน้า :^bภาพประกอบ ;^c26 ซม.
505 0  ^aบทที่ 1 ลักษณะและวัตถุประสงค์ของการให้การปรึกษา -- บทที่ 2สัมพันธภาพและคุณลักษณะที่สำคัญของผู้ให้การปรึกษา -- บทที่ 3ทักษะพื้นฐานในการสื่อสาร การสนทนาเพื่อการบำบัด -- บทที่ 4การสื่อสารความเห็นอกเห็นใจและการตรวจสอบความเข้าใจ -- บทที่ 5ศิลปะการไต่ถามและการสรุปความ -- บทที่ 6การช่วยให้ผู้รับการปรึกษาท้าทายตนเอง -- บทที่ 7 ทักษะในการท้าทาย --บทที่ 8 การช่วยผู้รับการปรึกษาสำรวจปัญหา -- บทที่ 9การช่วยผู้รับการปรึกษาระบุเลือกและปรับเป้าหมายการจัดการปัญหา -- บทที่10 การช่วยผู้รับการปรึกษาสร้างกลยุทธ์และวางแผนเพื่อให้บรรลุเป้าหมาย --บทที่ 11 แนวทางการปฏิบัติ: การช่วยให้ผู้รับการปรึกษาพิชิตอุปสรรคการดำเนินการตามแผนงานและเกิดผลงาน
650  4 ^aการให้คำปรึกษา
945    ^p369^l0^i29286
945    ^p369^l0^i29287
945    ^p369^l0^i29288
945    ^p369^l0^i29289
945    ^p369^l0^i29290
995    ^aกัณชพร จุลอักษร
999    ^aกัณชพร
รายการนี้ยังไม่มีแท็ก
คุณยังไม่ได้ล็อกอิน คุณสามารถมีกิจกรรมร่วมกับเว็บไซต์ได้ แต่ต้องล็อกอินก่อน ::
  ล็อกอิน

รายการสื่อสารสนเทศ

ลำดับที่ ประเภท เลขเรียก/บาร์โค้ด สถานที่ สถานะ
1. วิทยาศาสตร์การแพทย์ และสุขภาพ
วิทยาศาสตร์การแพทย์ และสุขภาพ
BF637.C56 น426ก ฉ.1 
  Barcode: 29286
ห้องสมุดวิทยาเขตนครสวรรค์
►หนังสือทั่วไป:l:General Books
บนชั้น
2. วิทยาศาสตร์การแพทย์ และสุขภาพ
วิทยาศาสตร์การแพทย์ และสุขภาพ
BF637.C56 น426ก ฉ.2 
  Barcode: 29287
ห้องสมุดวิทยาเขตนครสวรรค์
►หนังสือทั่วไป:l:General Books
บนชั้น
3. วิทยาศาสตร์การแพทย์ และสุขภาพ
วิทยาศาสตร์การแพทย์ และสุขภาพ
BF637.C56 น426ก ฉ.3 
  Barcode: 29288
ห้องสมุดวิทยาเขตนครสวรรค์
►หนังสือทั่วไป:l:General Books
บนชั้น
4. วิทยาศาสตร์การแพทย์ และสุขภาพ
วิทยาศาสตร์การแพทย์ และสุขภาพ
BF637.C56 น426ก ฉ.4 
  Barcode: 29289
ห้องสมุดวิทยาเขตนครสวรรค์
►หนังสือทั่วไป:l:General Books
บนชั้น
5. วิทยาศาสตร์การแพทย์ และสุขภาพ
วิทยาศาสตร์การแพทย์ และสุขภาพ
BF637.C56 น426ก ฉ.5 
  Barcode: 29290
ห้องสมุดวิทยาเขตนครสวรรค์
►หนังสือทั่วไป:l:General Books
บนชั้น

รายการใกล้เคียง
    ผู้แต่ง [นันทา สู้รักษา]

    หัวเรื่อง [การให้คำปรึกษา]

BibComment


ยังไม่เคยถูกคอมเมนท์

คอมเมนท์ทรัพยากรรายการนี้
  คอมเมนท์: การให้คำปรึกษาภา..


 Copyright 2026. Bcnsprnw @Library